| 000 | 00760nam a2200205 a 4500 | ||
|---|---|---|---|
| 003 | 0 | ||
| 005 | 20250203090520.0 | ||
| 008 | 130830s19uu xx 00 eng d | ||
| 050 |
_aPGS LB 1525 _b.D437 2013 |
||
| 100 | _aDerpo, Alexandra Therese. | ||
| 245 |
_aAcademic performance and communication skills / _cAlexandra Therese Derpo. |
||
| 260 |
_aLas PiƱas City, Philippines : _bSouthville International School and Colleges, _c2013. |
||
| 300 |
_a28 p. : _bill. ; _c28 cm. |
||
| 504 | _aIncludes bibliographical references. | ||
| 650 |
_a Oral communication _vElementary education. |
||
| 650 |
_aAcademic achievement _vElementary students. |
||
| 650 |
_a Language development _vChildren. |
||
| 650 |
_aCommunication skills _vStudents. |
||
| 942 |
_2lcc _cPASS |
||
| 999 |
_c99070 _d99070 |
||